Moved Country Borders on a Map - Statistics

General Stats
  • This quiz has been taken 18 times
  • The average score is 16 of 20
Answers on the Map
Answers color-coded by a green-red scale on the quiz's map according to % correct below.
 
Answer Stats
Answer % Correct
Algeria
92%
Niger
92%
Syria
92%
Turkey
92%
Belarus
85%
Canada
85%
Colombia
85%
Czechia
85%
Eritrea
85%
Poland
85%
United States
85%
Venezuela
85%
Cambodia
77%
North Korea
77%
South Korea
77%
Vietnam
77%
Bolivia
69%
Ethiopia
69%
Germany
69%
Paraguay
54%
No matching quizzes found
Score Distribution
Percent of People with Each Score
Percentile by Number Answered
Your Score History
You have not taken this quiz